000 00854nam a2200229 a 4500
001 39449
003 BD-RjUL
005 20211209053007.0
008 160411b2015 bg ||||| |||| 00| 0 ben d
020 _a9847000002754
_c: Tk.225.00
035 _a(BD-RjUL)39562
040 _aBD-RjUL
_bben
_cBD-RjUL
041 _aben
082 _223
_a200.09
_bCHA 2015
100 _aচৌধুরী, রামেন্দ্র.
_9120388
245 _aঅবোধের ধর্মবোধ /
_cরামেন্দ্র চৌধুরী
260 _aঢাকা :
_bজাতীয় সাহিত্য প্রকাশ,
_c২০১৫.
300 _a১২৮ পৃ.
_c২২ সেমি.
650 _aধর্ম
_xইতিহাস ও সমালোচনা
_9121592
650 _aReligion
_xHistory And Criticism
_9121593
942 _2ddc
_cBK
999 _c39449
_d39449